| 000 | 00890nam a2200253 a 4500 | ||
|---|---|---|---|
| 001 | 000007272 | ||
| 005 | 20200929154122.0 | ||
| 008 | 090907s2000 dr a r 000 0 spa d | ||
| 020 | _a9993482129 | ||
| 040 |
_aDO-SdBNP _bspa _cBNPHU |
||
| 082 |
_a632 _bZ94m |
||
| 100 | 1 |
_aZuluaga C., José Iván _920179 |
|
| 245 | 1 | 0 |
_aManual de manejo integrado de plagas agrícolas / _cJosé Iván Zuluaga C., Nora Cristina Mesa C. |
| 260 |
_aSanto Domingo : _bCEDAF, _c2000. |
||
| 300 |
_a197 p. : _bil. ; _c28 cm. |
||
| 490 | 1 | _aProyecto Ágora | |
| 590 | _aInventariado, 2018/BT | ||
| 650 | 4 |
_aControl de plagas _920180 |
|
| 650 | 4 |
_aVigilancia de plagas agrícolas _920181 |
|
| 700 | 1 | 2 |
_aMesa C., Nora Cristina _920182 |
| 710 | 1 | 2 |
_aCentro para el Desarrollo Agropecuario y Forestal (República Dominicana) _9130 |
| 830 | 0 |
_aProyecto Ágora _916843 |
|
| 910 | _aValidado. Control de calidad. MFF | ||
| 999 |
_c7053 _d7053 |
||